Mathematics in action / (Record no. 105218)
[ view plain ]
| 000 -LEADER | |
|---|---|
| fixed length control field | 00541nam a2200193 a 4500 |
| 005 - DATE AND TIME OF LATEST TRANSACTION | |
| control field | 20140412111347.0 |
| 008 - FIXED-LENGTH DATA ELEMENTS--GENERAL INFORMATION | |
| fixed length control field | 050420s19uu xx 00 eng d |
| 020 ## - INTERNATIONAL STANDARD BOOK NUMBER | |
| International Standard Book Number | 0-02-108501-3 |
| 050 ## - LIBRARY OF CONGRESS CALL NUMBER | |
| Classification number | TR(GS 510 |
| Item number | H65 1991 |
| 100 ## - MAIN ENTRY--PERSONAL NAME | |
| Personal name | Hoffer, Alan R. |
| 245 ## - TITLE STATEMENT | |
| Title | Mathematics in action / |
| Statement of responsibility, etc | Alan R. Hoffer, et al. |
| 260 ## - PUBLICATION, DISTRIBUTION, ETC. (IMPRINT) | |
| Place of publication, distribution, etc | New York : |
| Name of publisher, distributor, etc | Macmillan/McGraw-Hill, |
| Date of publication, distribution, etc | 1991. |
| 300 ## - PHYSICAL DESCRIPTION | |
| Extent | 422 p. ; ill. |
| 440 ## - SERIES STATEMENT/ADDED ENTRY--TITLE | |
| Title | Macmillan/McGraw-Hill |
| 650 ## - SUBJECT ADDED ENTRY--TOPICAL TERM | |
| Topical term or geographic name as entry element | Mathematics |
| General subdivision | Study and teaching |
| Withdrawn status | Lost status | Damaged status | Home library | Current library | Shelving location | Date acquired | Source of acquisition | Total Checkouts | Full call number | Barcode | Date last seen | Price effective from | Koha item type |
|---|---|---|---|---|---|---|---|---|---|---|---|---|---|
| Elizalde Library | Elizalde Library | Teachers Reference Section | 04/20/2005 | TR(GS 510 H65 1991 | E9635 | 04/12/2014 | 04/12/2014 | Books | |||||
| Elizalde Library | Elizalde Library | Teachers Reference Section | 04/20/2005 | TR(GS 510 H65 1991 | E9636 | 04/12/2014 | 04/12/2014 | Books | |||||
| Elizalde Library | Elizalde Library | Teachers Reference Section | 04/20/2005 | TR(GS 510 H65 1991 | E9637 | 04/12/2014 | 04/12/2014 | Books |